| 000 | 01047cam a2200313u 4500 | ||
|---|---|---|---|
| 999 |
_c24323 _d24323 |
||
| 001 | 5931949 | ||
| 003 | BDDh-ASL | ||
| 005 | 20231015030342.0 | ||
| 008 | 820521s18841898enk a 000 0 eng | ||
| 010 | _a 28018168 | ||
| 040 |
_aDLC _cCarP _dDLC _dBDDh-ASL |
||
| 050 | 1 | 0 |
_aHQ31 _b.D83 1898 |
| 050 | 0 | 0 | _aMicrofilm 33885 HQ |
| 082 |
_a301 _bELE |
||
| 100 | 1 | _a[Drysdale, George R.] [from old catalog] | |
| 245 | 0 | 4 |
_aThe elements of social science : _bPhysical Sexual and Natural Religion / _cby A Doctor of Medicine. |
| 250 | _a33d ed. | ||
| 260 |
_aLondon: _bE. Truelove [etc.] _c1898. _c1984. |
||
| 300 |
_a604 p. : _bl., [vii]-ix p., 2 l., 277, 277*-277**, 278-568, 568*-568**, [569]-604 p. _c16 cm. |
||
| 650 | 0 | _aSexual health. | |
| 650 | 0 | _aSexually transmitted diseases. | |
| 650 | 0 | _aPopulation. | |
| 650 | 0 | _aNatural theology. | |
| 650 | 0 | _aBirth control. | |
| 650 | 0 | _aEconomics. | |
| 700 | 1 |
_aMalthus, T. R. _q(Thomas Robert), _d1766-1834. |
|
| 906 |
_a0 _bcbc _cpremunv _du _encip _f19 _gy-gencatlg |
||
| 942 |
_2ddc _cBK |
||